000
00318nam a22001457a 4500
008
210225b ||||| |||| 00| 0 eng d
020
_a
9780030968303
041
_a
eng
080
_2
2nd
_a
82
082
_a
82
100
_a
22
101
_a
GJL
245
_a
Elements of Literature
_c
Anderson, R
942
_2
udc
_c
BK
999
_c
55186
_d
55186